000 00559nam a2200193Ia 4500
005 20250508150329.0
008 008 250505s9999 xx 000 0 eng d
037 _aTextual
040 _aFEDL
_beng
_cFEDL
041 _aeng
_2eng
084 _a025.4, RAN
_qFEDL
100 _aRananathan S R
_9756415
245 0 _aLibrary classification fundamentals and procedure
260 _aMadras, India
_bMadras Library Association
_c1944
300 _a496p.
650 _aLibrary Science
942 _cTEXL
_h025.4, RAN
999 _c1323030
_d1323030